LEADER 01164nam a2200313 a 4500 001 000000129026 003 CaOOAMICUS 005 20120522163256.0 008 120522t2012 it u000 u ita r 020 $a978-88-430-6103-7 040 $aPUL$bita 082 04$a320.092 100 1 $aPietropaoli, Stefano.$0(OLS)http://pul/name/81863 245 10$aSchmitt /$cStefano Pietropaoli. 260 $aRoma :$bCarocci,$c2012. 300 $a181 p. ;$c21 cm 490 1 $aPensatori ;$v26 500 $aInclude indici. 504 $aBibliografia: p. 171-178. 600 14$aSchmitt, Carl,$d1888-1985.$0(OLS)http://pul/subject/22653 830 0$aPensatori (Carocci) ;$v26.$0(OLS)http://pul/title/151205 850 $aPUL 852 $aPUL$W1$xSL Diritto e Scienze Sociali 3$y79$m320. 092 PIEST 1$j149404$qDDC 21$B147940$CPULBib$Z2$F147940 $H119783 $82 941 1 $a9 996 $6020$a978-88-430-6103-7$9(OLS)http://pul/number/149782 996 $6082$a320.092$9(OLS)http://pul/classification/407 996 $6245$aSchmitt$9(OLS)http://pul/title/163038 996 $6260$aRoma :$bCarocci$9(OLS)http://pul/publisher/66917 LEADER 01193nam a2200289 a 4500 001 000000125614 003 CaOOAMICUS 005 20110608140708.0 008 110608s2011 it u000 u ita r 020 $a978-88-598-0340-9 040 $aPUL$bita 082 04$a346.4502 100 1 $aGabrielli, Enrico$b1956-$0(OLS)http://pul/name/44662 245 10$aContratto e contratti :$bscritti /$cEnrico Gabrielli. 260 $aTorino :$bUTET Giuridica,$cİ2011. 300 $aXI, 594 p. ;$c25 cm 500 $aEstratti da "Trattato dei contratti" diretto da Pietro Rescigno ed Enrico Gabrielli. 504 $aBibliografia in nota. 650 4$aContratti$zItalia.$0(OLS)http://pul/subject/34565 850 $aPUL 852 $aPUL$W1$xSL Diritto e Scienze Sociali 3$y79$m346. 4502 GABEN 1$j144698$qDDC 21$B143715$CPULBib$Z2$F143715 $H117354 $82 941 1 $a9 996 $6020$a978-88-598-0340-9$9(OLS)http://pul/number/147424 996 $6082$a346.4502$9(OLS)http://pul/classification/1796 996 $6245$aContratto e contratti :$bscritti$9(OLS)http://pul/title/158405 996 $6260$aTorino :$bUTET Giuridica$9(OLS)http://pul/publisher/79191